LIBRARY & INFORMATION CENTRE, KCAET, TAVANUR

ONLINE PUBLIC ACCESS CATALOGUE (OPAC)

Cosmic pathways: Contemporary perspectives in physics and astrophysics / (Record no. 10762)

MARC details
000 -LEADER
fixed length control field 00511cam a2200181ua 4500
041 ## - LANGUAGE CODE
Language code of text/sound track or separate title eng
082 ## - DEWEY DECIMAL CLASSIFICATION NUMBER
Classification number 523.01
Item number SRE/CO
100 ## - MAIN ENTRY--AUTHOR NAME
Personal name Sreekantan, B V .
245 ## - TITLE STATEMENT
Title Cosmic pathways: Contemporary perspectives in physics and astrophysics /
250 ## - EDITION STATEMENT
Edition statement 1 /
260 ## - PUBLICATION, DISTRIBUTION, ETC. (IMPRINT)
Place of publication New Delhi :
Name of publisher Tata Mc-Graw Hill Publishing Company ,
Year of publication 1986.
300 ## - PHYSICAL DESCRIPTION
Number of Pages 411 ; .
942 ## - ADDED ENTRY ELEMENTS (KOHA)
Koha item type Books
Holdings
Withdrawn status Lost status Damaged status Home library Current library Date acquired Full call number Accession Number Koha item type
      KAUAET KAUAET 07/04/2012 523.01 SRE/CO 17770 Books
free website counter